| 000 | 00762nam a2200229 4500 | ||
|---|---|---|---|
| 003 | OSt | ||
| 005 | 20260530115303.0 | ||
| 008 | 260420b1969 enk |||| |||| 00| 0 eng d | ||
| 020 | _a029272019x | ||
| 040 |
_aICI _bspa _cICI |
||
| 050 |
_aGF51 _bV39 |
||
| 100 | 1 |
_aVayda, Andrew Peter, _931551 |
|
| 245 | 1 | 0 |
_a Environment and cultural behavior : _bEcological studies in cultural anthropology. |
| 264 | 1 |
_bUniversity of Texas Press, _c1969 _aAustin : |
|
| 300 |
_a485 páginas _c21 cm. |
||
| 336 |
_atexto _2rdacontent |
||
| 337 |
_asin medio _2rdamedia |
||
| 338 |
_avolumen _2rdacarrier |
||
| 490 |
_aTexas press sourcebooks in anthropology ; _v8 |
||
| 650 |
_aSeres humanos _vDiscursos, ensayos, conferencias _xEfectos ambientales _931552 |
||
| 942 |
_2lcc _cBK |
||
| 999 |
_c12962 _d12962 |
||